[Event "European Cities & Towns Chess Championship - Open/Seniors"]
[Site "Central Europe"]
[Date "2023.01.29"]
[Round "3.10.4"]
[White "Notsikas, Georgios"]
[Black "Hanache, Kai"]
[Result "1-0"]
[WhiteElo "1000"]
[BlackElo "1394"]
[BlackCountry "GB"]
[BlackFideId "490105"]
[BlackTeam "London Juniors"]
[WhiteCountry "GR"]
[WhiteFideId "42140587"]
[WhiteTeam "Ioannina"]

1. e4 e5 2. Nf3 Nc6 3. Bc4 Nf6 4. d3 d5 5. exd5 Nxd5 6. Bb5 Bd6 7. O-O O-O
8. Re1 Bg4 9. h3 Bh5 10. g4 Bg6 11. Bxc6 bxc6 12. Nxe5 Bxe5 13. Rxe5 Qd6 
14. Re1 Rfe8 15. Nc3 Nf4 16. Bxf4 Qxf4 17. Kg2 f5 18. Qf3 Qxf3+ 19. Kxf3 
fxg4+ 20. hxg4 Rf8+ 21. Kg3 Rab8 22. b3 Rb4 23. Ne4 h5 24. f3 hxg4 25. 
fxg4 Rb5 26. Nd2 Rc5 27. Nc4 Rg5 28. Re5 Rxe5 29. Nxe5 Be8 30. Re1 Rf6 31.
 Nf3 Bd7 32. Re7 Be6 33. g5 Rg6 34. Kf4 Bd5 35. Ne5 Rd6 36. Rxc7 g6 37. 
Rxa7 Re6 38. Rc7 Kf8 39. a4 Ke8 40. a5 Kd8 41. Rg7 c5 42. Rxg6 Rxg6 43. 
Nxg6 Kc7 44. Ne7 Be6 45. g6 Kd7 46. Nf5 Bd5 47. a6 Kc7 48. Ne7 Be6 49. g7 
Kb6 50. g8=Q Bxg8 51. Nxg8 Kxa6 52. Ke5 Kb5 53. Kd5 Kb4 54. c4 Kxb3 55. 
Kxc5 Kc3 56. d4 Kd3 57. d5 Ke4 58. d6 Ke5 59. d7 Ke6 60. d8=Q Ke5 61. Qe7+
Kf4 62. Kd4 Kf3 63. c5 Kf2 64. c6 Kf3 65. c7 Kg2 66. c8=R Kf3 67. Rf8+ Kg3
68. Qg7+ Kh3 69. Ne7 Kh4 70. Rh8# 1-0

[Event "European Cities & Towns Chess Championship - Open/Seniors"]
[Site "Central Europe"]
[Date "2023.01.29"]
[Round "3.11.1"]
[White "Freeland, Alex"]
[Black "Nastase, Robert-Paul"]
[Result "0-1"]
[WhiteElo "2016"]
[BlackElo "2229"]
[BlackCountry "RO"]
[BlackFideId "1221175"]
[BlackTeam "SNAGOV"]
[BlackTitle "FM"]
[WhiteCountry "GB"]
[WhiteFideId "1802062"]
[WhiteTeam "Hammersmith - West London"]

1. d4 Nf6 2. c4 e6 3. Nc3 d5 4. cxd5 exd5 5. Bg5 Be7 6. e3 O-O 7. Bd3 h6 
8. Bh4 b6 9. Nge2 c5 10. dxc5 bxc5 11. O-O Bb7 12. Rc1 Nbd7 13. Bb1 Rc8 
14. Bg3 Qb6 15. Na4 Qa5 16. Nac3 Rfd8 17. Nf4 Nb6 18. Qc2 d4 19. Nd1 Be4 
20. Qe2 Bxb1 21. Rxb1 Qxa2 22. Rc1 Bf8 23. exd4 cxd4 24. Rxc8 Rxc8 25. Qd2
Qc4 26. Re1 Bb4 0-1

[Event "European Cities & Towns Chess Championship - Open/Seniors"]
[Site "Central Europe"]
[Date "2023.01.29"]
[Round "3.11.2"]
[White "Dobronauteanu, Ion-Serban"]
[Black "Brixel, Christof, Dr."]
[Result "1/2-1/2"]
[WhiteElo "2189"]
[BlackElo "1952"]
[BlackCountry "DE"]
[BlackFideId "16277040"]
[BlackTeam "Hammersmith - West London"]
[WhiteCountry "RO"]
[WhiteFideId "1204084"]
[WhiteTeam "SNAGOV"]

1. e4 c5 2. Nf3 e6 3. d4 cxd4 4. Nxd4 Nf6 5. Nc3 Nc6 6. Be3 Bb4 7. f3 d5 
8. Bb5 Bd7 9. O-O Bxc3 10. bxc3 dxe4 11. fxe4 1/2-1/2

[Event "European Cities & Towns Chess Championship - Open/Seniors"]
[Site "Central Europe"]
[Date "2023.01.29"]
[Round "3.11.3"]
[White "Kelmendi, Bajrush"]
[Black "Nastase, Andreea-Cristina"]
[Result "0-1"]
[WhiteElo "1942"]
[BlackElo "2046"]
[BlackCountry "RO"]
[BlackFideId "1221183"]
[BlackTeam "SNAGOV"]
[BlackTitle "WFM"]
[WhiteCountry "GB"]
[WhiteFideId "426024"]
[WhiteTeam "Hammersmith - West London"]

1. e4 c5 2. c4 Nc6 3. Nc3 g6 4. d3 Bg7 5. Be2 e6 6. g4 Nge7 7. h4 d5 8. h5
dxc4 9. dxc4 Bxc3+ 10. bxc3 Qxd1+ 11. Bxd1 Rg8 12. h6 Ne5 13. Be2 b6 14. 
f4 Nd7 15. e5 Bb7 16. Bf3 O-O-O 17. Be3 f6 18. exf6 Nxf6 19. g5 Bxf3 20. 
Nxf3 Ne4 21. Rc1 Nf5 22. Bf2 Rd3 23. Ke2 Rxc3 24. Rxc3 Nxc3+ 25. Kd3 Nxa2 
26. Ne5 Nb4+ 27. Kc3 Rd8 28. Re1 Kb7 29. Re2 a5 30. Kb3 Rd1 31. Kc3 a4 32.
 Rd2 Rc1+ 33. Kb2 Rf1 34. Ka3 Ra1+ 35. Kb2 Ra2+ 36. Kc3 Rxd2 37. Kxd2 Ne7 
38. Kc3 Nbc6 39. Nd7 b5 40. Nxc5+ Kc8 41. cxb5 Nd5+ 42. Kd3 Ncb4+ 43. Ke4 
a3 44. Bd4 Nc2 45. Be5 a2 46. Nxe6 Nb6 47. Nf8 Nd7 48. Nxd7 Kxd7 49. Kd3 
Ne1+ 50. Kc4 Nf3 51. Ba1 Nd2+ 52. Kc3 Ne4+ 53. Kb4 Nd6 54. Ka5 Ke6 55. b6 
Kf5 56. Ka6 Kxf4 57. b7 Nxb7 58. Kxb7 Kxg5 59. Kb6 Kxh6 60. Kb5 Kg5 61. 
Kb4 Kf4 62. Kb3 h5 63. Kxa2 h4 64. Bd4 h3 65. Bg1 Kf3 66. Kb3 g5 67. Kc2 
g4 68. Kd2 Kg2 0-1

[Event "European Cities & Towns Chess Championship - Open/Seniors"]
[Site "Central Europe"]
[Date "2023.01.29"]
[Round "3.11.4"]
[White "Rata, Anamaria"]
[Black "Perchard, Matthew"]
[Result "1-0"]
[WhiteElo "1664"]
[BlackElo "1506"]
[BlackCountry "GB"]
[BlackFideId "343404235"]
[BlackTeam "Hammersmith - West London"]
[WhiteCountry "RO"]
[WhiteFideId "1245350"]
[WhiteTeam "SNAGOV"]

1. e4 e6 2. d4 d5 3. Nd2 dxe4 4. Nxe4 b6 5. Nf3 Be7 6. Bd3 Bb7 7. O-O Nf6 
8. Re1 O-O 9. Qe2 Nbd7 10. Neg5 h6 11. Nxe6 Bxf3 12. gxf3 fxe6 13. Qxe6+ 
Kh8 14. Qxe7 Rf7 15. Qxf7 Qf8 16. Qg6 Qg8 17. Re7 Nf8 18. Qf5 Qd5 19. Re5 
Qf7 20. Kh1 g6 21. Qf4 Qg7 22. Bd2 Nh5 23. Qe4 Nf6 24. Qxa8 Nd7 25. Re8 
Qf7 26. Bxg6 Qxg6 27. Rxf8+ Nxf8 28. Qxf8+ Kh7 29. Rg1 Qxg1+ 30. Kxg1 c5 
31. Bxh6 Kg6 32. h4 cxd4 33. h5+ Kh7 34. Qg7# 1-0

[Event "European Cities & Towns Chess Championship - Open/Seniors"]
[Site "Central Europe"]
[Date "2023.01.29"]
[Round "4.1.1"]
[White "Mastrovasilis, Dimitrios"]
[Black "Kourkoulos-Arditis, Stamatis"]
[Result "1-0"]
[WhiteElo "2605"]
[BlackElo "2537"]
[BlackCountry "GR"]
[BlackFideId "4221990"]
[BlackTeam "Kallithea - Athens"]
[BlackTitle "IM"]
[WhiteCountry "GR"]
[WhiteFideId "4202694"]
[WhiteTeam "Thessaloniki"]
[WhiteTitle "GM"]

1. e4 e6 2. d4 d5 3. Nc3 Bb4 4. Ne2 dxe4 5. a3 Be7 6. Nxe4 Nf6 7. Nxf6+ 
Bxf6 8. Be3 Nc6 9. Qd2 O-O 10. O-O-O b5 11. Nf4 Rb8 12. d5 exd5 13. Qxd5 
b4 14. Qxd8 Bxd8 15. axb4 Nxb4 16. Bc4 Bf5 17. c3 Nc2 18. Bd2 Na3 19. Ba2 
Be7 20. Rhe1 Bd6 21. Nd5 Nb5 22. Ne7+ Bxe7 23. Rxe7 Be6 24. Bxe6 fxe6 25. 
Be3 Rfe8 26. Rdd7 Rxe7 27. Rxe7 a5 28. c4 Nd6 29. Rxc7 a4 30. c5 Nc4 31. 
Bd4 e5 32. Bc3 Kf8 33. Kc2 h5 34. Ra7 Rc8 35. Rxa4 Rxc5 36. Bb4 1-0

[Event "European Cities & Towns Chess Championship - Open/Seniors"]
[Site "Central Europe"]
[Date "2023.01.29"]
[Round "4.1.2"]
[White "Halkias, Stelios"]
[Black "Papaioannou, Ioannis"]
[Result "1/2-1/2"]
[WhiteElo "2516"]
[BlackElo "2628"]
[BlackCountry "GR"]
[BlackFideId "4201345"]
[BlackTeam "Thessaloniki"]
[BlackTitle "GM"]
[WhiteCountry "GR"]
[WhiteFideId "4201809"]
[WhiteTeam "Kallithea - Athens"]
[WhiteTitle "GM"]

1. Nf3 Nf6 2. c4 e6 3. g3 d5 4. d4 h6 5. Bg2 Bd6 6. O-O O-O 7. Nc3 Nc6 8. 
b3 Re8 9. Bb2 dxc4 10. bxc4 e5 11. e3 1/2-1/2

[Event "European Cities & Towns Chess Championship - Open/Seniors"]
[Site "Central Europe"]
[Date "2023.01.29"]
[Round "4.1.3"]
[White "Mastrovasilis, Athanasios"]
[Black "Kalogeris, Ioannis"]
[Result "1-0"]
[WhiteElo "2520"]
[BlackElo "2409"]
[BlackCountry "GR"]
[BlackFideId "4239563"]
[BlackTeam "Kallithea - Athens"]
[BlackTitle "FM"]
[WhiteCountry "GR"]
[WhiteFideId "4201990"]
[WhiteTeam "Thessaloniki"]
[WhiteTitle "GM"]

1. d4 Nf6 2. c4 e6 3. Nc3 d5 4. cxd5 exd5 5. Bg5 c6 6. e3 Be7 7. Qc2 O-O 
8. Bd3 h6 9. Bh4 Nbd7 10. Nf3 Re8 11. O-O Nh5 12. Bxe7 Qxe7 13. Rae1 Nhf6 
14. e4 dxe4 15. Nxe4 Qf8 16. Nxf6+ Nxf6 17. Rxe8 Qxe8 18. Re1 Be6 19. Bf5 
Qd7 20. Bxe6 fxe6 21. Qb3 Nd5 22. Ne5 Qe7 23. a3 Rd8 24. g3 Nb6 25. Ng6 
Qf7 26. Ne5 Qe7 27. Re4 Rd5 28. h4 Qd6 29. Qf3 Rxd4 30. Qf7+ Kh7 31. Qg6+ 
Kg8 32. Nf7 Rd1+ 33. Kh2 Qd5 34. Nxh6+ Kh8 35. Nf7+ Kg8 36. Ng5 Qf5 37. 
Qxf5 1-0

[Event "European Cities & Towns Chess Championship - Open/Seniors"]
[Site "Central Europe"]
[Date "2023.01.29"]
[Round "4.1.4"]
[White "Papasimakopoulos, Alexandros"]
[Black "Ioannidis, Evgenios"]
[Result "0-1"]
[WhiteElo "2334"]
[BlackElo "2476"]
[BlackCountry "GR"]
[BlackFideId "4229274"]
[BlackTeam "Thessaloniki"]
[BlackTitle "IM"]
[WhiteCountry "GR"]
[WhiteFideId "4244125"]
[WhiteTeam "Kallithea - Athens"]
[WhiteTitle "FM"]

1. Nf3 d5 2. b3 c5 3. Bb2 Nc6 4. e3 Nf6 5. d4 Bg4 6. h3 Bxf3 7. Qxf3 cxd4 
8. exd4 e6 9. Bd3 Qa5+ 10. Bc3 Qb6 11. Qe3 Bd6 12. O-O O-O 13. Nd2 e5 14. 
dxe5 Qxe3 15. fxe3 Bxe5 16. Bxe5 Nxe5 17. Nf3 Rfe8 18. Kf2 Rac8 19. Rad1 
Rc3 20. Rd2 Nc6 21. Nd4 a6 22. Ne2 Rc5 23. Rfd1 g6 24. a3 Ne5 25. Nd4 Rc3 
26. Ne2 Nxd3+ 27. Rxd3 Rxc2 28. Kf3 Re5 29. Nf4 g5 30. Nxd5 Rf5+ 31. Kg3 
Ne4+ 32. Kh2 Rff2 33. Rg1 h5 34. Rd4 Nd2 35. Nb4 Nf3+ 36. Kg3 Nxg1 37. 
Nxc2 Rxc2 38. e4 Ne2+ 39. Kh2 Nxd4 40. Kh1 Rc1+ 41. Kh2 h4 42. b4 Rc2 43. 
Kh1 Ne2 44. e5 0-1

[Event "European Cities & Towns Chess Championship - Open/Seniors"]
[Site "Central Europe"]
[Date "2023.01.29"]
[Round "4.2.1"]
[White "Tomic, Aleksandar"]
[Black "Nguyen, Thai Dai Van"]
[Result "0-1"]
[WhiteElo "2417"]
[BlackElo "2656"]
[BlackCountry "CZ"]
[BlackFideId "358878"]
[BlackTeam "Prague - Open"]
[BlackTitle "GM"]
[WhiteCountry "ME"]
[WhiteFideId "16501799"]
[WhiteTeam "Niksic"]
[WhiteTitle "FM"]

1. d4 Nf6 2. c4 e6 3. Nc3 Bb4 4. Qc2 d5 5. a3 Bxc3+ 6. Qxc3 O-O 7. Bg5 h6 
8. Bxf6 Qxf6 9. cxd5 exd5 10. e3 Bf5 11. Ne2 Nd7 12. Ng3 Be6 13. Rc1 Rfc8 
14. Bd3 a5 15. O-O c6 16. b4 axb4 17. axb4 Qe7 18. b5 c5 19. dxc5 Qxc5 20.
 Qb2 Qd6 21. Nh5 Qe5 22. Qxe5 Nxe5 23. Be2 Ra2 24. Rxc8+ Bxc8 25. Re1 Be6 
26. Nf4 g5 27. Nd3 Rxe2 28. Rxe2 Nxd3 29. Rc2 Bd7 30. b6 Nb4 31. Rc7 Bc6 
32. Kf1 Na6 33. Rc8+ Kg7 34. Ke1 Nc5 35. Kd2 Nd7 36. Kc3 Nxb6 37. Rc7 Nc4 
38. Kd4 Nd6 39. Kc5 Ne4+ 40. Kd4 Nxf2 41. h3 h5 42. Rc8 h4 0-1

[Event "European Cities & Towns Chess Championship - Open/Seniors"]
[Site "Central Europe"]
[Date "2023.01.29"]
[Round "4.2.2"]
[White "Rodshtein, Maxim"]
[Black "Krivokapic, Marko"]
[Result "1-0"]
[WhiteElo "2616"]
[BlackElo "2386"]
[BlackCountry "ME"]
[BlackFideId "931314"]
[BlackTeam "Niksic"]
[BlackTitle "IM"]
[WhiteCountry "IL"]
[WhiteFideId "2806851"]
[WhiteTeam "Prague - Open"]
[WhiteTitle "GM"]

1. Nf3 d5 2. g3 Nf6 3. Bg2 e6 4. O-O c5 5. c4 dxc4 6. Qa4+ Bd7 7. Qxc4 Nc6
8. d3 Be7 9. Nc3 O-O 10. Qb3 b6 11. Bf4 Rc8 12. Rfc1 Nb4 13. a4 Bc6 14. 
Qd1 Nfd5 15. Bd2 a6 16. Nxd5 Nxd5 17. Qb3 Qc7 18. e4 Nf6 19. Bf4 Qa7 20. 
Ne5 Ba8 21. Nc4 Rc6 22. Be3 Rd8 23. a5 b5 24. Nb6 Rc7 25. Qc2 Nd7 26. Nxa8
Qxa8 27. e5 Qc8 28. f4 Nb8 29. b4 c4 30. Bb6 Rxd3 31. Qxd3 cxd3 32. Rxc7 
Qf8 33. Rd1 f6 34. Rxd3 fxe5 35. fxe5 1-0

[Event "European Cities & Towns Chess Championship - Open/Seniors"]
[Site "Central Europe"]
[Date "2023.01.29"]
[Round "4.2.3"]
[White "Kisic, Bozidar"]
[Black "Movsesian, Sergei"]
[Result "0-1"]
[WhiteElo "2303"]
[BlackElo "2615"]
[BlackCountry "AM"]
[BlackFideId "310204"]
[BlackTeam "Prague - Open"]
[BlackTitle "GM"]
[WhiteCountry "ME"]
[WhiteFideId "16500350"]
[WhiteTeam "Niksic"]
[WhiteTitle "FM"]

1. d4 Nf6 2. Bg5 c5 3. d5 Ne4 4. h4 Qb6 5. Nd2 Nxd2 6. Bxd2 Qxb2 7. e4 Qe5
8. Bd3 c4 9. Nf3 Qc7 10. Be2 e5 11. O-O d6 12. c3 a6 13. Be3 Be7 14. h5 
Nd7 15. Nd2 b5 16. a4 Rb8 17. h6 g6 18. axb5 axb5 19. Ra7 Rb7 20. Rxb7 
Qxb7 21. Qa1 O-O 22. Rb1 Qa6 23. Qb2 f5 24. f3 Qa5 25. Ra1 Qd8 26. Qxb5 
Bg5 27. Nxc4 Bxe3+ 28. Nxe3 Qg5 29. Nc4 fxe4 30. fxe4 Nf6 31. Qb6 Nxe4 32.
 Qe3 Qh4 33. Bf3 Ng5 34. Nd2 Qxh6 35. Qa7 Nh3+ 36. gxh3 Qxd2 37. Bg2 Qxc3 
38. Rb1 e4 39. Qe7 Qe3+ 40. Kh2 Qf4+ 41. Kg1 e3 42. Rb8 Qf2+ 43. Kh2 0-1

[Event "European Cities & Towns Chess Championship - Open/Seniors"]
[Site "Central Europe"]
[Date "2023.01.29"]
[Round "4.2.4"]
[White "Nemec, Jachym"]
[Black "Saric, Igor"]
[Result "1-0"]
[WhiteElo "2361"]
[BlackElo "2282"]
[BlackCountry "ME"]
[BlackFideId "909319"]
[BlackTeam "Niksic"]
[BlackTitle "FM"]
[WhiteCountry "CZ"]
[WhiteFideId "23716525"]
[WhiteTeam "Prague - Open"]
[WhiteTitle "FM"]

1. d4 d6 2. e4 e5 3. Nf3 exd4 4. Nxd4 Nf6 5. Nc3 Nc6 6. Nxc6 bxc6 7. Bd3 
Be7 8. O-O O-O 9. Re1 Nd7 10. Bf1 Bf6 11. Be3 Bxc3 12. bxc3 Qe7 13. Bf4 
Ne5 14. Bg3 Bg4 15. f3 Bd7 16. f4 Ng6 17. Qd2 Rfe8 18. Bc4 Nf8 19. f5 Qf6 
20. Bb3 Rad8 21. Qd4 Qxd4+ 22. cxd4 a5 23. a4 Rb8 24. Rab1 Rb4 25. c3 Rbb8
26. Bc2 f6 27. e5 dxe5 28. dxe5 Rxb1 29. Bxb1 c5 30. e6 Bxa4 31. Ba2 Re7 
32. Bf2 Kh8 33. Bxc5 Re8 34. Re3 g6 35. g4 Kg7 36. Bd4 h6 37. h4 gxf5 38. 
gxf5 Bc2 39. Rg3+ Kh7 40. Bxf6 h5 41. Rg5 Kh6 42. Bg7+ Kh7 43. Bxf8 Rxf8 
44. e7 Re8 45. f6 Bg6 46. Rxg6 Kxg6 47. f7 1-0

[Event "European Cities & Towns Chess Championship - Open/Seniors"]
[Site "Central Europe"]
[Date "2023.01.29"]
[Round "4.3.1"]
[White "Tarhan, Adar"]
[Black "Samunenkov, Ihor"]
[Result "0-1"]
[WhiteElo "2321"]
[BlackElo "2485"]
[BlackCountry "UA"]
[BlackFideId "14187086"]
[BlackTeam "Kyiv region"]
[BlackTitle "IM"]
[WhiteCountry "TR"]
[WhiteFideId "34544712"]
[WhiteTeam "Istanbul - Open"]
[WhiteTitle "FM"]

1. e4 c5 2. Nf3 Nc6 3. d4 cxd4 4. Nxd4 Nf6 5. Nc3 e5 6. Ndb5 d6 7. Bg5 a6 
8. Na3 b5 9. Nd5 Be7 10. Bxf6 Bxf6 11. c3 Rb8 12. Nc2 Bg5 13. g3 O-O 14. 
h4 Bh6 15. Bg2 Be6 16. O-O g6 17. Qd3 f5 18. Ncb4 Nxb4 19. cxb4 Rc8 20. 
Rad1 Rc4 21. exf5 gxf5 22. Qa3 f4 23. Rfe1 Kh8 24. Re4 fxg3 25. fxg3 Rc2 
26. Ne3 Re2 27. Nf1 Qb6+ 28. Kh1 Rxe4 29. Bxe4 Bg4 30. Re1 Qf2 31. Qc3 Rc8
32. Bc6 Rxc6 33. Qxc6 Bf3+ 0-1

[Event "European Cities & Towns Chess Championship - Open/Seniors"]
[Site "Central Europe"]
[Date "2023.01.29"]
[Round "4.3.2"]
[White "Grebeniuk, Semen"]
[Black "Can, Isik"]
[Result "0-1"]
[WhiteElo "2315"]
[BlackElo "2488"]
[BlackCountry "TR"]
[BlackFideId "6383742"]
[BlackTeam "Istanbul - Open"]
[BlackTitle "IM"]
[WhiteCountry "UA"]
[WhiteFideId "14117509"]
[WhiteTeam "Kyiv region"]

1. d4 d5 2. Nf3 Nf6 3. Bg5 Ne4 4. Bf4 c5 5. e3 Qb6 6. Qc1 Nc6 7. c3 f6 8. 
Nbd2 g5 9. Bg3 h5 10. h3 Nxg3 11. fxg3 Qc7 12. Kf2 h4 13. g4 Qg3+ 14. Kg1 
e5 15. Bd3 exd4 16. exd4 cxd4 17. cxd4 Qc7 18. Bg6+ Kd8 19. Qc2 Bd6 20. 
Re1 Bf4 21. Nf1 Qb6 22. Qc5 Qxb2 23. Qxd5+ Kc7 24. Qc4 b5 25. Qc5 Bd6 26. 
Qd5 Bd7 27. Ne3 Ne7 28. Qf7 Rhf8 29. Nd5+ Nxd5 30. Qxd5 Bc6 31. Qb3 Qxb3 
32. axb3 Bd5 33. Rc1+ Kb6 34. Nd2 Bf4 35. Rc2 Rac8 36. Nf3 Bxb3 37. Rb2 
Be3+ 38. Kf1 Bc4+ 39. Ke1 a5 40. Kd1 a4 41. Bf5 Rcd8 42. Kc2 Bxd4 43. Nxd4
Rxd4 44. Re1 Bb3+ 45. Kc3 Rfd8 46. Rbe2 b4+ 47. Kb2 Rd2+ 48. Rxd2 Rxd2+ 
49. Kc1 Rxg2 50. Be6 Kc5 51. Bxb3 axb3 52. Rf1 b2+ 53. Kb1 Rg3 54. Rxf6 
Kc4 55. Kxb2 Rxh3 56. Rc6+ Kd4 57. Rg6 Rg3 58. Rxg5 h3 59. Rh5 Ke3 60. Kb3
Kf2+ 61. Kxb4 Kg2 62. Kc5 h2 63. g5 h1=Q 64. Rxh1 Kxh1 0-1

[Event "European Cities & Towns Chess Championship - Open/Seniors"]
[Site "Central Europe"]
[Date "2023.01.29"]
[Round "4.3.3"]
[White "Makaraci, Tunahan"]
[Black "Paryokha, Serhiy"]
[Result "1-0"]
[WhiteElo "2296"]
[BlackElo "2294"]
[BlackCountry "UA"]
[BlackFideId "14198177"]
[BlackTeam "Kyiv region"]
[Termination "time forfeit"]
[WhiteCountry "TR"]
[WhiteFideId "6356559"]
[WhiteTeam "Istanbul - Open"]

1. e4 c6 2. d4 d5 3. exd5 cxd5 4. c4 Nf6 5. Nc3 g6 6. Nf3 Bg7 7. cxd5 O-O 
8. h3 Nxd5 9. Bc4 Nxc3 10. bxc3 b6 11. O-O Bb7 12. Ba3 Nc6 13. Re1 Bf6 14.
 Ne5 Na5 15. Be2 Rc8 16. Bb4 Nc6 17. Nxc6 Bxc6 18. Bf3 Bxf3 19. Qxf3 Re8 
20. a4 a5 21. Ba3 Qc7 22. Bb2 Kg7 23. Re3 Qd7 24. Qe2 Qd5 25. Ba3 e6 26. 
Rb1 Rc6 27. Rb5 Qd7 28. Qb2 Qc7 29. Qb3 Rc8 30. Bb2 h5 31. Rf3 h4 32. Qd1 
Rc4 33. Qb3 Rc6 34. Re3 Qd8 35. Re4 Rd6 36. Ba3 Rdc6 37. Bb2 Qd7 38. Qd1 
Rc4 39. Rxb6 Rxa4 40. Qf3 1-0

[Event "European Cities & Towns Chess Championship - Open/Seniors"]
[Site "Central Europe"]
[Date "2023.01.29"]
[Round "4.3.4"]
[White "Kirichenko, Vitaly"]
[Black "Citak, Selim"]
[Result "1/2-1/2"]
[WhiteElo "2262"]
[BlackElo "2281"]
[BlackCountry "TR"]
[BlackFideId "6301819"]
[BlackTeam "Istanbul - Open"]
[BlackTitle "FM"]
[WhiteCountry "UA"]
[WhiteFideId "14103079"]
[WhiteTeam "Kyiv region"]

1. e4 e5 2. Nf3 Nf6 3. d4 Nxe4 4. Bd3 Nc6 5. dxe5 d5 6. exd6 Nxd6 7. O-O 
Be7 8. Nc3 O-O 9. Nd5 Bg4 10. Bf4 Re8 11. c3 Bf8 12. h3 Bh5 13. g4 Bg6 14.
 Bxg6 hxg6 15. Qb3 Na5 16. Qc2 c6 17. Ne3 Qf6 18. Ng2 Nac4 19. Rae1 Rxe1 
20. Rxe1 Re8 1/2-1/2

[Event "European Cities & Towns Chess Championship - Open/Seniors"]
[Site "Central Europe"]
[Date "2023.01.29"]
[Round "4.4.1"]
[White "Stoleriu, George"]
[Black "Ribbegren, Karl Johan"]
[Result "1-0"]
[WhiteElo "2389"]
[BlackElo "2158"]
[BlackCountry "MC"]
[BlackFideId "5400040"]
[BlackTeam "Monte-Carlo"]
[WhiteCountry "RO"]
[WhiteFideId "1227505"]
[WhiteTeam "Iasi"]
[WhiteTitle "FM"]

1. e4 Nf6 2. e5 Nd5 3. c4 Nb6 4. d4 d6 5. f4 dxe5 6. fxe5 c5 7. d5 g6 8. 
Nc3 Bg7 9. Bf4 O-O 10. Be2 e6 11. Nf3 exd5 12. cxd5 Bg4 13. O-O N8d7 14. 
e6 fxe6 15. Ng5 Rxf4 16. Rxf4 Bxe2 17. Qxe2 Qxg5 18. Qxe6+ Kh8 19. Raf1 
Ne5 20. Ne4 Qd8 21. Nd6 Qd7 22. Re4 Rd8 23. Rxe5 Qxd6 24. Qxd6 Rxd6 25. 
Re8+ Bf8 26. Rexf8+ Kg7 27. R1f7+ Kh6 28. Rxb7 Rxd5 29. Rff7 Rd1+ 30. Kf2 
Rd2+ 31. Kg3 Rxb2 32. h4 g5 33. Rf6+ 1-0

[Event "European Cities & Towns Chess Championship - Open/Seniors"]
[Site "Central Europe"]
[Date "2023.01.29"]
[Round "4.4.2"]
[White "Nelis, Jean-Francois"]
[Black "Gheorghiu, Calin"]
[Result "0-1"]
[WhiteElo "2112"]
[BlackElo "2317"]
[BlackCountry "RO"]
[BlackFideId "1200305"]
[BlackTeam "Iasi"]
[BlackTitle "FM"]
[Termination "time forfeit"]
[WhiteCountry "MC"]
[WhiteFideId "623830"]
[WhiteTeam "Monte-Carlo"]

1. b3 c5 2. Bb2 d6 3. c4 Nc6 4. g3 e5 5. Nc3 f5 6. Bg2 Nf6 7. e3 h5 8. h4 
g6 9. Nge2 Bg7 10. d4 cxd4 11. exd4 O-O 12. O-O e4 13. Nf4 Kh7 14. d5 Ne5 
15. Nb5 Bh6 16. Bc1 Nfg4 17. Nd4 Qf6 18. Nfe6 Bxe6 19. Nxe6 Rg8 20. Bg5 
Bxg5 21. Nxg5+ Kh8 22. Qd2 Rae8 23. Rad1 Nd3 24. Nh3 Rg7 25. Qg5 Qb2 26. 
Rd2 Qc3 27. Re2 a5 28. Nf4 Nxf4 29. Qxf4 Re5 30. Bh3 e3 31. Bxg4 exf2+ 32.
 Rexf2 hxg4 33. Kg2 Kg8 34. Kh2 Qe3 35. Qxe3 Rxe3 36. Kg2 Rge7 37. h5 Re2 
38. hxg6 Kg7 39. Rxe2 Rxe2+ 40. Rf2 Rxf2+ 41. Kxf2 Kxg6 42. Ke3 Kg5 43. a3
Kg6 44. b4 axb4 45. axb4 b6 46. Kd4 Kf6 0-1

[Event "European Cities & Towns Chess Championship - Open/Seniors"]
[Site "Central Europe"]
[Date "2023.01.29"]
[Round "4.4.3"]
[White "Calin, Alexandru"]
[Black "Van Hoolandt, Patrick"]
[Result "1-0"]
[WhiteElo "2169"]
[BlackElo "2017"]
[BlackCountry "MC"]
[BlackFideId "200999"]
[BlackTeam "Monte-Carlo"]
[BlackTitle "FM"]
[WhiteCountry "RO"]
[WhiteFideId "1222961"]
[WhiteTeam "Iasi"]
[WhiteTitle "FM"]

1. d4 Nf6 2. Bg5 e6 3. e4 h6 4. Bxf6 Qxf6 5. c3 d6 6. Bd3 g6 7. Ne2 Nd7 8.
 O-O c5 9. f4 Bg7 10. Nd2 O-O 11. f5 exf5 12. exf5 g5 13. Ne4 Qe7 14. Kh1 
Nf6 15. N2g3 cxd4 16. cxd4 Nd5 17. Qb3 Nf4 18. Rae1 d5 19. Nc3 Qd8 20. 
Nce2 Nxd3 21. Qxd3 f6 22. Nc3 b6 23. Qf3 Ba6 24. Rg1 Bb7 25. Re6 Bc8 26. 
Re3 Bb7 27. Rge1 Rc8 28. Nh5 Rc4 29. Nxg7 Kxg7 30. Re7+ Rf7 31. Rxf7+ Kxf7
32. Qh5+ Kg7 33. Qg6+ Kh8 34. Qxh6+ Kg8 35. Qg6+ Kf8 36. Re6 Rc6 37. Qh6+ 
Kg8 38. Qg6+ Kf8 39. Re3 Bc8 40. Qh6+ Kg8 41. Qg6+ Kf8 42. Rh3 Ke7 43. 
Rh7+ Kd6 44. Nb5# 1-0

[Event "European Cities & Towns Chess Championship - Open/Seniors"]
[Site "Central Europe"]
[Date "2023.01.29"]
[Round "4.4.4"]
[White "Verdier, Patrice"]
[Black "Zubcu, Vlad-George"]
[Result "0-1"]
[WhiteElo "1996"]
[BlackElo "2156"]
[BlackCountry "RO"]
[BlackFideId "1219715"]
[BlackTeam "Iasi"]
[WhiteCountry "MC"]
[WhiteFideId "606340"]
[WhiteTeam "Monte-Carlo"]
[WhiteTitle "FM"]

1. d4 Nf6 2. c4 e6 3. Nc3 Bb4 4. e3 O-O 5. Bd3 d5 6. Nf3 c5 7. O-O Nc6 8. 
a3 Bxc3 9. bxc3 b6 10. Bb2 dxc4 11. Bxc4 Na5 12. Bd3 c4 13. Bc2 Bb7 14. 
Qe2 Be4 15. a4 Bxc2 16. Qxc2 Nb3 17. Ra2 Qd5 18. Nd2 Nxd2 19. Qxd2 e5 20. 
f3 e4 21. f4 Rfe8 22. a5 b5 23. Ba3 a6 24. Bc5 Rac8 25. Bb4 Qf5 26. h3 h5 
27. Rc2 Nd5 28. Bc5 Rc6 29. Qe2 Rg6 30. Kh2 h4 31. Qf2 Rg3 32. Re1 Re6 33.
 Bb4 Reg6 34. Ree2 Nxe3 35. Rxe3 Rxg2+ 36. Qxg2 Qxf4+ 37. Kh1 Rxg2 38. 
Rxg2 Qxe3 39. Kh2 Qf4+ 40. Kg1 Qf3 41. Rf2 Qxh3 42. d5 e3 43. Re2 Qg3+ 44.
 Rg2 Qf3 45. d6 e2 46. Rxe2 Qxe2 47. Bc5 h3 48. Bf2 Qf3 49. Kf1 h2 50. d7 
h1=Q# 0-1

[Event "European Cities & Towns Chess Championship - Open/Seniors"]
[Site "Central Europe"]
[Date "2023.01.29"]
[Round "4.5.1"]
[White "Pasko, Llambi"]
[Black "Massoni, Michael"]
[Result "1-0"]
[WhiteElo "2413"]
[BlackElo "2322"]
[BlackCountry "FR"]
[BlackFideId "654213"]
[BlackTeam "Corsica "]
[BlackTitle "IM"]
[WhiteCountry "AL"]
[WhiteFideId "4701178"]
[WhiteTeam "TIRANA City"]
[WhiteTitle "IM"]

1. d4 Nf6 2. c4 g6 3. Nc3 d5 4. cxd5 Nxd5 5. e4 Nxc3 6. bxc3 Bg7 7. Nf3 c5
8. Rb1 Nc6 9. d5 Ne5 10. Nxe5 Bxe5 11. Qd2 O-O 12. f4 Bc7 13. Bc4 a6 14. 
a4 Rb8 15. O-O Bd7 16. Bb3 b5 17. axb5 axb5 18. Bc2 Ra8 19. e5 Ra2 20. Bb2
c4 21. Be4 Qb8 22. Rbd1 Rd8 23. Bb1 Ra6 24. Qe2 Qc8 25. f5 gxf5 26. Bc1 
Rg6 27. Kh1 e6 28. Ba3 exd5 29. Qf3 Bxe5 30. Rfe1 Bc7 31. Bc5 d4 32. cxd4 
Ba5 33. Rf1 Bb6 34. Bxb6 Rxb6 35. d5 Rg6 36. Qc3 Qc5 37. Bxf5 Bxf5 38. 
Rxf5 b4 39. Qf3 c3 40. Rf1 c2 41. Rc1 Qd6 42. Rxc2 Qb6 43. Rf2 Qa7 44. h4 
Rd7 45. Qe4 Qa1+ 46. Kh2 Qa8 47. Qf3 Qb8+ 48. g3 b3 49. h5 Rg7 50. Rb2 Qc7
51. Qxb3 Rd8 52. Qf3 Rc8 53. Rf2 Qd6 54. Rf6 Qc7 55. h6 Rg6 56. Rxf7 Rxh6+
57. Kg2 Qd6 58. Qg4+ 1-0